000 00801nam a22002297a 4500
005 2010072205365.0
010 _aENG-97086
020 _c1860.00
_a9788184244076
035 _aEN-80619
037 _bDBAD/PUB
082 _a632.93
100 _aMuthaiyan, M.C.
_91849
245 _aPrinciples and practices of plant quarantine /
_cby M.C. Muthaiyan
260 _aNew Delhi
_bAllied Publishers
_c2009
270 _bNew Delhi
_aA-104 Mayapuri Phase ii,
_e110064
300 _ax, 1150 p.
_c28 cm (Hb)
500 _aincludes bibliographical references and index
700 _91438
700 _91585
942 _2ddc
_cEN
_mMUT
_h632.93
999 _c37947
_d37947